000 01101cam a22003133a 4500
001 604
005 20230626091022.0
008 980218s1998 nyua j 000 1 eng d
020 _a0671008188 :
_c$3.99 ($4.99 Can.)
040 _aZAB
_cZAB
_dJED
_dIKG
_dSLC
_dOCL
_dOCLCQ
_dDLC
_dFISKH
_beng
050 0 0 _aCPB Box no. 1406 vol. 13
100 1 _aKeene, Carolyn.
245 1 0 _aAlien in the classroom /
_cCarolyn Keene ; illustrated by Anthony Accardo.
260 _aNew York :
_bSimon & Schuster,
_c1998.
300 _a72 pages :
_billustrations ;
_c19 cm.
490 1 _aNancy Drew notebooks ;
_v#23
500 _a"A Minstrel book."
505 _aH
520 _aNancy and her friends try to prove their teacher, Ms. Zagon, is not an alien from outerspace.
521 0 _a510
_bLexile
521 1 _aH
_bRaz-Plus
650 0 _aTeachers
_vJuvenile fiction.
650 0 _aDetective and mystery stories.
650 0 _aTeachers
_vFiction.
655 7 _aMystery fiction.
_2gsafd
700 1 _aAccardo, Anthony,
_eillustrator
906 _a7
_bcbc
_ccopycat
_d2
_encip
_f19
_gy-genrareb
942 _2ddc
_cBK
_n0
999 _c604
_d604